| 000 | 01094nam a22002777a 4500 | ||
|---|---|---|---|
| 005 | 20110125140113.0 | ||
| 008 | 110125t xxu||||| |||| 00| 0 mar d | ||
| 010 | _aHIN-93435 | ||
| 020 |
_a9788173232084 _c150.00 |
||
| 035 | _aHN-65781 | ||
| 037 | _bDBAD / PUB | ||
| 040 |
_aDPL _bHN |
||
| 082 | _aक | ||
| 100 |
_925582 _aअलका प्रमोद |
||
| 245 |
_aसमान्तर रेखाएँ: _cअलका प्रमोद _bकहानी संग्रह / |
||
| 246 |
_aSamantar rekhain _bby Alka Pramod |
||
| 260 |
_aसुलभ प्रकाशन _bलखनऊ _c2011 |
||
| 270 |
_a17, अशोक मार्ग _bलखनऊ _k0522 2288381 |
||
| 300 |
_a95पृ _c22सेमी (सजिल्द) |
||
| 650 |
_aलघु कथाएँ, हिन्दी _91169 |
||
| 650 |
_aShort Stories, Hindi _930223 |
||
| 700 | _925583 | ||
| 700 | _930222 | ||
| 942 |
_2ddc _cMR _hक _mअलका |
||
| 999 |
_c54477 _d54477 |
||